Housing Construction and Mortgage Lending in the Slovak Republic

Problematika bývania, bytovej výstavby a jej financovania v Slovenskej republike. Dopady financovania bývania prostredníctvom hypotekárnych úverov. Zníženie úrokových sadzieb z hypotekárnych úverov, zvýšená zadlženosť domácností, ceny bývania a riziko finančnej krízy.

Gespeichert in:
Bibliographische Detailangaben
1. Verfasser: Vidová, Jarmila, 1967-
Format: Buchkapitel
Sprache:Englisch
Schlagworte:
Tags: Tag hinzufügen
Keine Tags, Fügen Sie das erste Tag hinzu!

MARC

LEADER 00000naa$a2200000$$$4500
001 0250063
005 20240502102846.9
041 0 |a eng 
044 |a HR 
245 1 0 |a Housing Construction and Mortgage Lending in the Slovak Republic  |c Jarmila Vidová 
520 |a Problematika bývania, bytovej výstavby a jej financovania v Slovenskej republike. Dopady financovania bývania prostredníctvom hypotekárnych úverov. Zníženie úrokových sadzieb z hypotekárnych úverov, zvýšená zadlženosť domácností, ceny bývania a riziko finančnej krízy. 
610 2 0 |a Slovensko 
610 2 0 |a byty 
610 2 0 |a úver hypotekárny 
610 2 0 |a politika bytová 
610 2 0 |a nehnuteľnosti 
610 2 0 |a hypotéky 
610 2 0 |a zadlženosť vnútorná 
610 2 0 |a domácnosti 
100 1 |a Vidová, Jarmila, 1967-